Piłkarski quiz transferowy 22! - Statystyki

Ogólne statystyki
  • Ten quiz został rozwiązany 33 razy
  • Średni wynik to 5 z 20
Statystyki odpowiedzi
Zawodnik Poprzedni klub Obecny klub % Poprawnych
Dusan Tadic Southampton Ajax
83%
Alireza Jahanbakhsh Brighton Feyenoord
63%
Dominic Solanke Liverpool Bournemouth
63%
Joao Mario Inter Benfica
60%
Noa Lang Ajax Club Brugge
43%
Andre Onana Barcelona Ajax
33%
Ivan Marcano Roma Porto
27%
Darwin Nunez Almeria Benfica
23%
Mbemba Newcastle Porto
23%
Sander Berge Genk Sheffield United
20%
Aleksandar Mitrovic Newcastle Fulham
20%
Wendel Sporting Zenit
17%
Islam Slimani OL Sporting
10%
Pedrinho Benfica Szachtar Donieck
7%
Rafa Silva Braga Benfica
7%
Ibrahim Sangare Toulouse PSV
7%
Sebastian Coates Sunderland Sporting
3%
Noni Madueke Tottenham PSV
3%
Mateus Uribe Club America Porto
0%
Dodo Vitoria Szachtar Donieck
0%
Nie znaleziono quizów pasujących do podanych kryteriów
Rozkład punktacji
Procent ludzi z każdym wynikiem
Percentyl według liczby udzielonych odpowiedzi
Twoja historia wyników
Nie rozwiązałeś tego quizu